[Event "IECC CL7-2005.12 email"]
[Site "IECC email"]
[Date "2005.08.12"]
[Round "?"]
[White "Alexander, Ross"]
[Black "Vahn, Anthony"]
[Result "0-1"]
[WhiteElo "1070"]
[BlackElo "1120"]
[PlyCount "63"]
[EventDate "2005.??.??"]
[EventType "tourn (corr)"]
[EventRounds "4"]
[SourceTitle "Corr 2008"]
[Source "ChessBase"]
[SourceDate "2008.06.24"]
[SourceVersion "1"]
[SourceVersionDate "2008.06.24"]
[SourceQuality "1"]

1. e4 g6 2. f4 Bg7 3. e5 d5 4. d4 c6 5. Nc3 Nh6 6. Qd3 Bf5 7. Qe2 Qb6 8. Qe3 0-0 9. Nf3 Bg4 10. Ng5 Nf5 11. Qf2 Nxd4 12. Be3 Nxc2+ 13. Qxc2 Qxe3+ 14. Be2 f6 15. Nf3 Bxf3 16. gxf3 fxe5 17. fxe5 Nd7 18. Nd1 Qd4 19. e6 Ne5 20. Rf1 Qh4+ 21. Nf2 Nxf3+ 22. Bxf3 Rxf3 23. Ke2 Raf8 24. Qc5 Bd4 25. Qb4 Rxf2+ 26. Rxf2 Qxf2+ 27. Kd1 Qg2 28. Qe1 Rf1 29. h4 Rxe1+ 30. Kxe1 Qf2+ 31. Kd1 Be3 32. b3 0-1